[Event "Chigorin Memorial 28th"]
[Site "St Petersburg"]
[Date "2021.10.27"]
[Round "5"]
[White "Slugin, Yaroslav"]
[Black "Filimonov, Mikhail A"]
[Result "1-0"]
[WhiteElo "2129"]
[BlackElo "1863"]
[PlyCount "51"]
[EventDate "2021.10.23"]
[EventType "swiss"]
[EventRounds "9"]
[EventCountry "RUS"]
[SourceTitle "EXT 2023"]
[Source "ChessBase"]
[SourceDate "2022.10.05"]
[SourceVersion "1"]
[SourceVersionDate "2022.10.05"]
[SourceQuality "1"]

1. c4 d6 2. Nc3 c5 3. g3 Nc6 4. Bg2 g6 5. e3 Bg7 6. Nge2 e6 7. 0-0 Nge7 8. d4 0-0 9. b3 cxd4 10. exd4 d5 11. cxd5 exd5 12. Bg5 Be6 13. Nf4 Bxd4 14. Bxe7 Qxe7 15. Ncxd5 Qd7 16. Qxd4 Nxd4 17. Nf6+ Kg7 18. Nxd7 Bxd7 19. Rfd1 Nc2 20. Rxd7 Nxa1 21. Ne6+ Kf6 22. Nxf8 Rxf8 23. Rc7 Rd8 24. Rc1 Nxb3 25. axb3 b6 26. Rc7 1-0

[Event "Chigorin Memorial 27th"]
[Site "St Petersburg"]
[Date "2019.10.11"]
[Round "7"]
[White "Kazmin, Semen"]
[Black "Filimonov, Mikhail A"]
[Result "1-0"]
[WhiteElo "2190"]
[BlackElo "1915"]
[PlyCount "35"]
[EventDate "2019.10.05"]
[EventType "swiss"]
[EventRounds "9"]
[EventCountry "RUS"]
[SourceTitle "EXT 2021"]
[Source "ChessBase"]
[SourceDate "2020.10.23"]
[SourceVersion "1"]
[SourceVersionDate "2020.10.23"]
[SourceQuality "1"]

1. d4 d5 2. c4 c6 3. cxd5 cxd5 4. Bg5 h6 5. Bh4 Qb6 6. Nc3 Qxb2 7. Nxd5 Qa3 8. Rc1 Na6 9. e4 e6 10. Bxa6 exd5 11. Bb5+ Bd7 12. Bxd7+ Kxd7 13. Qg4+ f5 14. Qxf5+ Ke8 15. Qh5+ Kd7 16. Qxd5+ Ke8 17. Qh5+ Kd7 18. Qb5+ 1-0

[Event "Chigorin Memorial 27th"]
[Site "St Petersburg"]
[Date "2019.10.10"]
[Round "6"]
[White "Filimonov, Mikhail A"]
[Black "Odegov, Artem"]
[Result "1/2-1/2"]
[WhiteElo "1915"]
[BlackElo "2183"]
[PlyCount "68"]
[EventDate "2019.10.05"]
[EventType "swiss"]
[EventRounds "9"]
[EventCountry "RUS"]
[SourceTitle "EXT 2020"]
[Source "ChessBase"]
[SourceDate "2019.10.17"]
[SourceVersion "1"]
[SourceVersionDate "2019.10.17"]
[SourceQuality "1"]

1. e4 c6 2. d4 d5 3. Nc3 dxe4 4. Nxe4 Nf6 5. Nxf6+ exf6 6. c3 Bd6 7. Bd3 0-0 8. Ne2 Re8 9. 0-0 Nd7 10. Ng3 Nf8 11. Nf5 Bxf5 12. Bxf5 Qc7 13. g3 Rad8 14. Qf3 c5 15. Be3 cxd4 16. cxd4 Qb6 17. Rfb1 Bb8 18. b4 Ne6 19. Bxe6 Rxe6 20. a4 Qc7 21. a5 Qd7 22. d5 Rd6 23. Rd1 Rxd5 24. Rxd5 Qxd5 25. Qxd5 Rxd5 26. Rc1 Rd8 27. Bf4 Bxf4 28. gxf4 a6 29. Rc7 Rb8 30. Kg2 g6 31. Kf3 Kg7 32. Rd7 h6 33. Rd6 Rc8 34. Rd7 Rb8 1/2-1/2

[Event "Chigorin Memorial 27th"]
[Site "St Petersburg"]
[Date "2019.10.07"]
[Round "3"]
[White "Romanov, Nikita"]
[Black "Filimonov, Mikhail A"]
[Result "0-1"]
[WhiteElo "1587"]
[BlackElo "1915"]
[PlyCount "52"]
[EventDate "2019.10.05"]
[EventType "swiss"]
[EventRounds "9"]
[EventCountry "RUS"]
[SourceTitle "EXT 2020"]
[Source "ChessBase"]
[SourceDate "2019.10.17"]
[SourceVersion "1"]
[SourceVersionDate "2019.10.17"]
[SourceQuality "1"]

1. e4 e5 2. Nf3 Nc6 3. Bb5 a6 4. Ba4 Nf6 5. d3 b5 6. Bb3 Be7 7. 0-0 d6 8. c3 0-0 9. h3 Na5 10. Bc2 c5 11. d4 Qc7 12. d5 c4 13. Nbd2 Nb7 14. Re1 Nc5 15. Nf1 Bd7 16. Ng3 Rfc8 17. Nh2 Qb6 18. Qf3 g6 19. Bg5 Kg7 20. Qe3 Na4 21. Qc1 Rab8 22. a3 Nc5 23. h4 h5 24. Be3 Qd8 25. f4 Ng4 26. Nxg4 Bxh4 0-1

[Event "Paracin Summer op-B 12th"]
[Site "Paracin"]
[Date "2019.07.09"]
[Round "5"]
[White "Filimonov, Mikhail A"]
[Black "Isak, Igor G"]
[Result "0-1"]
[WhiteElo "1854"]
[BlackElo "1990"]
[PlyCount "146"]
[EventDate "2019.07.05"]
[EventType "swiss"]
[EventRounds "9"]
[EventCountry "SRB"]
[SourceTitle "EXT 2020"]
[Source "ChessBase"]
[SourceDate "2019.10.17"]
[SourceVersion "1"]
[SourceVersionDate "2019.10.17"]
[SourceQuality "1"]

1. e4 e6 2. d4 d5 3. Nd2 Nc6 4. c3 e5 5. dxe5 dxe4 6. Nxe4 Qxd1+ 7. Kxd1 Nxe5 8. Bf4 f6 9. Bxe5 fxe5 10. Nf3 Bg4 11. Be2 Nf6 12. Nfd2 Bf5 13. Ng3 Bg6 14. Bf3 0-0-0 15. Ke2 Bd3+ 16. Ke1 Bc5 17. Nge4 Bb6 18. a4 a6 19. Nxf6 gxf6 20. Be4 f5 21. Bxd3 Rxd3 22. Nc4 Rhd8 23. Ke2 Bc5 24. Rhd1 e4 25. Rxd3 Rxd3 26. a5 Kd8 27. f3 Ke7 28. fxe4 fxe4 29. Rd1 Rxd1 30. Kxd1 Ke6 31. Ke2 b5 32. axb6 cxb6 33. b4 Bg1 34. Kf1 Kd5 35. Na3 Bxh2 36. Ke2 a5 37. Ke3 Bg1+ 38. Kd2 h5 39. Ke2 h4 40. Kd2 a4 41. Ke2 Ke5 42. Kf1 Be3 43. Ke2 Kf4 44. Nc4 Bc1 45. Kd1 Be3 46. Ke2 Bg1 47. Kf1 Bh2 48. Nxb6 a3 49. Nd5+ Ke5 50. Ne3 a2 51. Nc2 Bf4 52. b5 Bc1 53. b6 Kd6 54. Ke2 Bb2 55. Ke3 Bxc3 56. Kxe4 a1Q 57. Nxa1 Bxa1 58. Kf3 Be5 59. Kg4 Bg3 60. Kf5 Kc6 61. Ke4 Kxb6 62. Kf3 Kc5 63. Ke2 Kd4 64. Kf1 Bh2 65. Kf2 Ke4 66. g4 h3 67. g5 Kf5 68. g6 Kxg6 69. Ke1 Kg5 70. Kf1 Kg4 71. Ke2 Kg3 72. Kf1 Kf3 73. Ke1 Kg2 0-1